000 01280nam a2200313 c 4500
003 BLK
005 20220115142326.0
008 180411b bul|||||r ||||||| ||bul||
010 _aKNG00204283000
020 _a978-619-7059-26-7
_bиздат.: Мартине - на том (ч.1)
040 _aBLK
041 _aBUL
_cBUL
072 7 _2bullib
_aН84
_xБългарска художествена литература Н
080 _aБългарска литература
_b821.163.2
_x-94
_z821.163.2-94
100 1 _aИванов, Пенчо Иванов
_eпърви автор
_9301814
139 _aИванов, Пенчо Иванов
_bИ 21
245 1 0 _aБрачни одисеи
_bПреживяно и пресъздадено от един адвокат : Ч. 1 -
_cПенчо Иванов Иванов.
_nЧ. 1
257 _aBGR
260 Добрич
_c2016
_fДобрич : Нилекта принт
300 _c21 см
380 _aX
659 _aН
760 1 _3- на том (ч.1)
_aИванов, Пенчо Иванов
_dМартине, 2016
_h189 с.
_tЧ. 1
852 _aЦб 284952
856 4 _qpdf
_u
856 4 _qpdf
_u
942 _cKNG
_n0
_04
944 _aCR
_c03.04.2017
_kВиолета_Тройчева
944 _aED
_c02.05.2017
_kГрета_Цуфелде
999 _c195046
_d195046